000 00952nam a2200229 a 4500
999 _c11204
_d11204
001 11204
003 BD-JhCC
005 20190806182416.0
008 190806s2014 bg a|||| |||| 000 0 ben d
020 _a984075114X
035 _a(BD-JhCC)11204
040 _aBD-JhCC
_dBD-JhCC
041 _aben
082 _a398.1
_bBAN 2014
245 _aবাংলা একাডেমী বাংলাদেশের লোকজ সংস্কৃতি গ্রন্থমালা :
_bখুলনা /
_cসম্পাদনায় শামসুজ্জামান খান
260 _aঢাকা :
_bবাংলা একাডেমী,
_c২০১৪.
300 _a৬২৪ পৃ. :
_bচিত্রাবলী সংযোজিত;
_c২২ সেমি.
504 _aগ্রন্থপঞ্জি সংবলিত
650 _aFolklore
700 _aখান, শামসুজ্জামান
942 _2ddc
_cBK